000 00377nam a2200121Ia 4500
008 231129s2004||||xx |||||||||||||| ||spa||
082 _aER- 574
100 _aSociedad Bolivariana Santa Rosa de Cabal
245 0 _aSociedad Bolivariana Santa Rosa de Cabal 15 aƱos de historia
260 _c2004
264 _aPereira: Fondo Editorial del Departamento 2004
942 _2ddc
_cBKS
999 _c24743
_d24743